Alle Länder die gegen Deutschland im Fußball gespielt haben - Statistiken

Allgemein
  • Dieses Quiz wurde 70 mal gespielt
  • Das Durchschnittsergebnis liegt bei 76 aus 92
Antwortstatistiken
Antwort % Korrekt
Vereinigte Staaten
98%
Belgien
97%
Brasilien
97%
Finnland
97%
Irland
97%
Niederlande
97%
Norwegen
97%
Russland
97%
Dänemark
95%
England
95%
Frankreich
95%
Kanada
95%
Kroatien
95%
Österreich
95%
Schweden
95%
Spanien
95%
Ukraine
95%
Argentinien
94%
Chile
94%
Griechenland
94%
Japan
94%
Mexiko
94%
Portugal
94%
Slowakei
94%
Slowenien
94%
Albanien
92%
China
92%
Schweiz
92%
Serbien
92%
Südkorea
92%
Tschechien
92%
Uruguay
92%
Australien
90%
Italien
90%
Rumänien
90%
San Marino
90%
Schottland
90%
Südafrika
90%
Ägypten
89%
Algerien
89%
Kolumbien
89%
Luxemburg
89%
Marokko
89%
Neuseeland
89%
Nordirland
89%
Polen
89%
Belarus
87%
Estland
87%
Island
87%
Lettland
87%
Ungarn
87%
Wales
87%
Bulgarien
85%
Ghana
85%
Liechtenstein
85%
Nordmazedonien
85%
Saudi-Arabien
85%
Türkei
85%
Armenien
84%
Bolivien
84%
Costa Rica
84%
Iran
84%
Litauen
84%
Paraguay
84%
Kamerun
82%
Peru
82%
Ecuador
81%
Georgien
81%
Tunesien
81%
Israel
79%
Aserbaidschan
77%
Bosnien und Herzegowina
77%
Nigeria
77%
Zypern
76%
Kasachstan
74%
Malta
74%
Oman
74%
Thailand
73%
Elfenbeinküste
71%
Deutsche Demokratische Republik
69%
Sowjetunion
69%
Vereinigte Arabische Emirate
66%
Jugoslawien
65%
Moldau
60%
Färöer
55%
Tschechoslowakei
55%
Kuwait
50%
Gibraltar
45%
Saarland
15%
Gemeinschaft Unabhängiger Staaten
11%
Böhmen und Mähren
8%
Serbien und Montenegro
8%
Keine übereinstimmenden Quizze gefunden
Verteilung der Resultate
Anzahl Personen mit jedem Resultat
Perzentil nach korrekt beantworteten Fragen
Ihre Resultats-Entwicklung
Sie haben dieses Quiz noch nicht gespielt